Statistics for Top 10 Countries that Produce the Most Kiwi

Click here to take the quiz!

General Stats

  • This quiz has been taken 625 times
  • The average score is 6 of 10

Answer Stats

# TonnesCountry% Correct
1.7 milChina
89%
27 kUnited States
86%
382 kNew Zealand
81%
29 kJapan
62%
447 kItaly
51%
55 kFrance
46%
41 kTurkey
44%
162 kGreece
38%
255 kChile
37%
31 kIran
35%

Score Distribution

Percentile by Number Answered

Percent of People with Each Score

Your Score History

You have not taken this quiz